Quick Pick: Real Bible Characters Quiz Stats

 Plays Quiz Updated Oct 28, 2017

Challenge
Share
Tweet
Embed
Score 0/15 Timer 01:30
2 Plays Today
% Correct
Jesus
94.6%
Bathsheba
90%
Isaiah
88.8%
Eve
88.2%
Joel
85%
Ezekiel
84.2%
Simon Maccabaeus
76.2%
Jonah
75.9%
% Correct
Samson
73%
Jezebel
70.5%
Nadab
66.8%
Menahem
63.1%
Priscilla
62.6%
Onesimus
47.9%
Pekah
44.1%

Today's Daily Dose

You're not logged in!

Compare scores with friends on all Sporcle quizzes.
Join for Free
OR
Log In

You Might Also Like...

Show Comments

Extras

Top Quizzes Today


Score Distribution

Your Account Isn't Verified!

In order to create a playlist on Sporcle, you need to verify the email address you used during registration. Go to your Sporcle Settings to finish the process.

Report this User

Report this user for behavior that violates our Community Guidelines.

Details: